{"text_format":"3","workbook":"xlsx","n_sheets":6,"sheets":["(5)D.3单位工程投标报价汇总表","(4)E.1分部分项工程量清单计价表","(3)附录G不可竞争项目清单与计价表","(2)附录F措施项目清单与计价表","(1)附录I税金计价表","Sheet1"],"read":"whole","date_system":"1900"}

{"sheet":"(5)D.3单位工程投标报价汇总表","index":0,"n_rows":23,"n_cols":4,"rows_kept":23}
[]
[null,null,"D.3 单位工程投标报价汇总表"]
[]
[]
["工程名称：2022年基层林业站业务技术用房（漫水河镇林业站业务技术用房）-土建装饰",null,"                标段：","第1页 共1页"]
["序号","汇总内容","金额（元）","其中：材料、设备暂估价（元）"]
["1","分部分项工程项目费",455610.22]
["1.1","  定额人工费",188263.56]
["1.2","  定额机械费",16778.04]
["1.3","  综合费",53365.95]
["2","措施项目费",7973.63]
["3","不可竞争费",39967.81]
["3.1","  安全文明施工费",39967.81]
["3.2","  工程排污费",0]
["4","其他项目",0]
["4.1","  暂列金额",0]
["4.2","  专业工程暂估价",0]
["4.3","  计日工",0]
["4.4","  总承包服务费",0]
["5","税金",0]
["6","工程造价",503551.61]
[null,"平方造价",950.1]
[{"$nulls":3},"测评合格编号：2018JS-05【神机造价软件V60安徽版】"]

{"sheet":"(4)E.1分部分项工程量清单计价表","index":1,"n_rows":130,"n_cols":11,"rows_kept":130,"merged":[[5,0,6,0],[5,1,8,1],[5,2,8,2],[5,3,8,3],[5,5,8,5],[5,6,5,10],[6,6,8,6],[6,7,8,7],[6,8,6,10],[7,0,8,0],[7,10,8,10]]}
[]
[{"$nulls":5},"E.1 分部分项工程量清单计价表"]
[]
[]
["工程名称：2022年基层林业站业务技术用房（漫水河镇林业站业务技术用房）-土建装饰",{"$nulls":4},"                标段：",{"$nulls":4},"第20页 共20页"]
["序","项目编码","项目名称","项目特征描述","计","工程量","金额（元）"]
[{"$nulls":4},"量",null,"综合单价","合价","其中"]
["号",{"$nulls":3},"单",{"$nulls":3},"定额","定额","暂估价"]
[{"$nulls":4},"位",{"$nulls":3},"人工费","机械费"]
["1",null,"一、土建部分"]
[null,null,"附录A  土石方工程",{"$nulls":4},15499.46,4754.06,4189.46]
["2","010101001001","平整场地","1.平整场地\r\n2.具体详见图纸、招标文件、相关文件、规范等其它资料，满足验收要求","m2",188.7,0.68,128.32,11.32,73.59]
["3","010101002001","挖基坑土方","1.挖基坑土方\r\n2.具体详见图纸、招标文件、相关文件、规范等其它资料，满足验收要求","m3",1098.232,3.1,3404.52,252.59,2075.66]
["4","010103001001","回填方","1.回填方\r\n2.具体详见图纸、招标文件、相关文件、规范等其它资料，满足验收要求","m3",991.504,7.07,7009.93,3519.84,1497.17]
["5","WB010101011001","人工清底","1.人工清底\r\n2.具体详见图纸、招标文件、相关文件、规范等其它资料，满足验收要求","m2",165.89,7.84,1300.58,940.6]
["6","WB010101013001","余方弃置","1.余方弃置\r\n2.运距自定\r\n3.具体详见图纸、招标文件、相关文件、规范等其它资料，满足验收要求","m3",106.727,7.02,749.23,22.41,487.74]
["7","010201001001","换填卵石夹砂垫层","1、材料：卵石夹砂\r\n2、要求：压实系数不大于0.93\r\n3、具体做法详见图纸","m3",38.4,75.7,2906.88,7.3,55.3]
[null,null,"附录D  砌筑工程",{"$nulls":4},20418.6,12954.64,264.3]
["8","010402001001","砌块墙 200","1.砌块品种、规格、强度级：B06砌块墙  200\r\n2.墙体类型：内外墙\r\n3.砂浆强度级：M5专用砂浆\r\n4.具体详见图纸、招标文件、相关文件、规范等其它资料，满足验收要求","m3",121.769,164.55,20037.15,12704.2,254.5]
["9","010402001001","砌块墙 120","1.砌块品种、规格、强度级：B06砌块墙  120\r\n2.墙体类型：隔墙\r\n3.砂浆强度级：M5专用砂浆\r\n4.具体详见图纸、招标文件、相关文件、规范等其它资料，满足验收要求","m3",1.211,167.37,202.62,128.77,2.53]
["10","010401001001","砖基础","1.MU15蒸压灰砂砖,并用M10水泥砂浆砌筑\r\n2.具体详见图纸、招标文件、相关文件、规范等其它资料，满足验收要求","m3",1.157,154.51,178.83,121.67,7.27]
[null,null,"附录E  混凝土工程",{"$nulls":4},153395.54,77555.71,4567.96]
["11","010404001001","C15混凝土垫层","1、混凝土种类：商品混凝土\r\n2、混凝土强度等级：C15\r\n3、具体详见图纸、招标文件、相关文件、规范等其它资料，满足验收要求","m3",16.589,23.61,391.67,280.35]
["12","011702001001","基础垫层模板","1、基础垫层模板\r\n2、具体详见图纸、招标文件、相关文件、规范等其它资料，满足验收要求","m2",19.12,33.19,634.59,362.13,16.83]
["13","010501003001","独立基础","1、混凝土种类：商品混凝土\r\n2、混凝土强度等级：C30\r\n3、具体详见设计图纸、答疑、招标文件、政府相关文件、规范等其它资料，满足验收要求","m3",68.349,22.97,1569.97,1092.9]
["14","011702001002","独立基础模板","1、独立基础模板\r\n2、具体详见图纸、招标文件、相关文件、规范等其它资料，满足验收要求","m2",61.4,35.98,2209.17,1181.34,57.72]
["15","010502001002","C30混凝土矩形柱","1、柱规格形状：400*400mm\r\n2、混凝土种类：商品混凝土\r\n3、混凝土强度等级：C30\r\n4、具体详见设计图纸、答疑、招标文件、政府相关文件、规范等其它资料，满足验收要求","m3",43.803,29.47,1290.89,884.39,30.66]
["16","011702002001","矩形柱模板","1、矩形柱模板 400*400mm\r\n2、具体详见图纸、招标文件、相关文件、规范等其它资料，满足验收要求","m2",398.591,38.13,15198.26,7963.84,406.56]
["17","WB011702030001","柱支模超高","1、柱支模超高\r\n2、具体详见图纸、招标文件、相关文件、规范等其它资料，满足验收要求","m2",8.32,1.62,13.48,6.99,0.25]
["18","010502001002","C30混凝土梯柱","1、柱规格形状：200*300mm\r\n2、混凝土种类：商品混凝土\r\n3、混凝土强度等级：C30\r\n4、具体详见设计图纸、答疑、招标文件、政府相关文件、规范等其它资料，满足验收要求","m3",0.504,29.47,14.85,10.18,0.35]
["19","011702002001","梯柱模板","1、矩形柱模板 400*400mm\r\n2、具体详见图纸、招标文件、相关文件、规范等其它资料，满足验收要求","m2",8.4,38.13,320.29,167.83,8.57]
["20","010502002001","C25混凝土构造柱","1、部位：构造柱、门窗框、门窗垛等\r\n2、混凝土种类：商品混凝土\r\n3、混凝土强度等级：C25\r\n4、具体详见图纸、招标文件、相关文件、规范等其它资料，满足验收要求","m3",7.717,47,362.69,253.81,5.4]
["21","011702003001","构造柱模板","1、构造柱模板\r\n2、具体详见图纸、招标文件、相关文件、规范等其它资料，满足验收要求","m2",88.534,38.41,3400.6,1904.37,70.83]
["22","010503001001","C30混凝土基础梁","1、混凝土种类：商品混凝土\r\n2、混凝土强度等级：C30\r\n3、具体详见图纸、招标文件、相关文件、规范等其它资料，满足验收要求","m3",11.64,23.4,272.38,187.4]
["23","011702005001","基础梁模板","1、基础梁模板\r\n2、具体详见图纸、招标文件、相关文件、规范等其它资料，满足验收要求","m2",140.065,35.88,5025.53,2582.8,128.86]
["24","010505001001","C30混凝土有梁板","1、板规格：有梁板\r\n2、混凝土种类：商品混凝土\r\n3、混凝土强度等级：C30\r\n4、具体详见图纸、招标文件、相关文件、规范等其它资料，满足验收要求","m3",80.042,28.57,2286.79,1533.6]
["25","011702014001","有梁板模板","1、有梁板模板\r\n2、具体详见图纸、招标文件、相关文件、规范等其它资料，满足验收要求","m2",850.59,38.49,32739.21,16637.54,816.57]
["26","WB010505009001","C30混凝土坡屋面板","1、板规格：坡度30°以内\r\n2、混凝土种类：商品混凝土\r\n3、混凝土强度等级：C30\r\n4、具体详见图纸、招标文件、相关文件、规范等其它资料，满足验收要求","m3",28.409,36.11,1025.86,676.43]
["27","WB011702036001","坡屋面板模板","1、坡屋面板模板\r\n2、具体详见图纸、招标文件、相关文件、规范等其它资料，满足验收要求","m2",231.727,41.56,9630.57,4836.14,245.63]
["28","010503005001","C25混凝土过梁","1、混凝土种类：商品混凝土\r\n2、混凝土强度等级：C25\r\n3、具体详见图纸、招标文件、相关文件、规范等其它资料，满足验收要求","m3",1.46,49.11,71.7,49.01]
["29","011702009001","过梁模板","1、过梁模板\r\n2、具体详见图纸、招标文件、相关文件、规范等其它资料，满足验收要求","m2",24.931,40.3,1004.7,544.73,24.43]
["30","010503004002","C20混凝土挡水梗","1.混凝土种类：商品混凝土\r\n2.混凝土强度等级：C20\r\n3.具体详见图纸、招标文件、相关文件、规范等其它资料，满足验收要求","m3",3.15,47.4,149.31,105.02]
["31","011702008002","挡水梗模板","1、挡水梗模板\r\n2、具体详见图纸、招标文件、相关文件、规范等其它资料，满足验收要求","m2",35.004,38.92,1362.36,752.94,25.55]
["32","010503004002","顶层楼梯栏杆底部C20混凝土挡水梗","1.混凝土种类：商品混凝土\r\n2.混凝土强度等级：C20\r\n3.具体详见图纸、招标文件、相关文件、规范等其它资料，满足验收要求","m3",0.019,47.4,0.88,0.62]
["33","011702008002","挡水梗模板","1、挡水梗模板\r\n2、具体详见图纸、招标文件、相关文件、规范等其它资料，满足验收要求","m2",0.372,38.92,14.48,8,0.27]
["34","010503004002","外墙底部C20混凝土挡水梗","1.混凝土种类：商品混凝土\r\n2.混凝土强度等级：C20\r\n3.具体详见图纸、招标文件、相关文件、规范等其它资料，满足验收要求","m3",5.863,47.4,277.92,195.48]
["35","011702008002","挡水梗模板","1、挡水梗模板\r\n2、具体详见图纸、招标文件、相关文件、规范等其它资料，满足验收要求","m2",62.232,38.92,2422.07,1338.61,45.43]
["36","010507005001","C25混凝土压顶","1.压顶\r\n2.混凝土种类：商品混凝土\r\n3.混凝土强度等级：C25\r\n4.具体详见图纸、招标文件、相关文件、规范等其它资料，满足验收要求","m3",2.801,47.96,134.36,84.49]
["37","WB011702039001","压顶模板","1.压顶模板\r\n2.具体详见图纸、招标文件、相关文件、规范等其它资料，满足验收要求","m2",29.52,41.98,1239.25,678.07,37.2]
["38","010505007001","C30混凝土屋面檐口","1、部位：屋顶挑檐天沟\r\n2、混凝土种类：商品混凝土\r\n3、混凝土强度等级：C30\r\n4、具体详见图纸、招标文件、相关文件、规范等其它资料，满足验收要求","m3",11.21,37.67,422.26,270.71]
["39","011702022001","天沟、挑檐模板","1、天沟、挑檐模板\r\n2、具体详见图纸、招标文件、相关文件、规范等其它资料，满足验收要求","m2",123.339,54.93,6775.02,2727.03,122.11]
["40","010505008001","C30砼雨篷","1.雨篷板\r\n2.混凝土种类：商品混凝土\r\n3.混凝土强度等级：C30\r\n4.具体详见图纸、招标文件、相关文件、规范等其它资料，满足验收要求","m2",6.269,5.15,32.29,21.31]
["41","011702023001","雨篷模板","1、雨篷模板\r\n2、具体详见图纸、招标文件、相关文件、规范等其它资料，满足验收要求","m2",6.916,43.89,303.52,151.52,14.04]
["42","WB010507006001","C30砼腰线","1.混凝土腰线\r\n2.混凝土种类：商品混凝土\r\n3.混凝土强度等级：C30\r\n4.具体详见图纸、招标文件、相关文件、规范等其它资料，满足验收要求","m3",3.716,62.13,230.88,140.76]
["43","WB011702040001","腰线模板","1、混凝土腰线模板\r\n2、具体详见图纸、招标文件、相关文件、规范等其它资料，满足验收要求","m2",41.007,49.49,2029.44,947.67,51.67]
["44","010505006001","C30砼栏板","1.混凝土栏板\r\n2.混凝土种类：商品混凝土\r\n3.混凝土强度等级：C30\r\n4.具体详见图纸、招标文件、相关文件、规范等其它资料，满足验收要求","m3",1.064,36.71,39.07,25.34]
["45","011702017001","拱板模板","1、拱板模板\r\n2、具体详见图纸、招标文件、相关文件、规范等其它资料，满足验收要求","m2",14.015,49.11,688.27,300.2,15]
["46","010505003001","C30砼空调板","1.空调板\r\n2.混凝土种类：商品混凝土\r\n3.混凝土强度等级：C30\r\n4.具体详见图纸、招标文件、相关文件、规范等其它资料，满足验收要求","m3",2.035,40.13,81.66,54.92]
["47","011702016001","空调板模板","1、空调板模板\r\n2、具体详见图纸、招标文件、相关文件、规范等其它资料，满足验收要求","m2",17.7,36.43,644.81,337.19,15.22]
["48","010506001001","C30混凝土直形楼梯","1、混凝土种类：商品混凝土\r\n2、混凝土强度等级：C30\r\n3、具体详见图纸、招标文件、相关文件、规范等其它资料，满足验收要求求","m2",49.852,5.85,291.63,192.43]
["49","011702024001","楼梯模板","1、楼梯模板\r\n2、具体详见图纸、招标文件、相关文件、规范等其它资料，满足验收要求","m2",49.852,95.61,4766.3,2505.54,233.31]
["50","010515001001","现浇构件钢筋","1、钢筋种类、规格：圆钢HPB300 φ10以内，钢筋HRB400 φ6-φ25\r\n2、运距：投标人自行考虑\r\n3、具体详见图纸、招标文件、相关文件、规范等其它资料，满足验收要求","t",36.521,943.23,34447.7,20955.75,1807.42]
["51","WB010516004001","砌体钢筋加固","1、钢筋种类、规格：带肋钢筋HRB400 φ6\r\n2、绑扎类型：投标人自行考虑\r\n3、具体详见图纸、招标文件、相关文件、规范等其它资料，满足验收要求","t",0.896,4233.36,3793.09,722.42,55.08]
["52","010516003001","钢筋连接","1、连接方式：电渣压力焊\r\n2、规格：柱、墙竖向接头\r\n3、具体详见设计图纸、答疑、招标文件、政府相关文件、规范等其它资料，满足验收要求","个",904,2.7,2440.8,1383.12,325.44]
["53","010516003001","钢筋连接","1.连接方式:镦粗直螺纹连接\r\n2.螺纹套筒种类:镦粗直螺纹连接\r\n3.具体详见设计图纸、答疑、招标文件、政府相关文件、规范等其它资料，满足验收要求","个",63,7.37,464.31,113.4,7.56]
["54","WB010516005001","墙面钢板（丝）网","1.钢筋网（钢丝网）种类、规格：1mm厚，网眼尺寸不小于10mm*10mm\r\n2.位置：外墙外侧满铺、楼梯间和人流通道的填充墙两侧满铺、两种材料交界处,门窗四角内外铺设热镀锌钢丝网\r\n3.具体详见设计图纸、答疑、招标文件、政府相关文件、规范等其它资料，满足验收要求","m2",1246.827,5.91,7368.75,723.16]
["55","011001003001","耐碱网格布（内墙）","1.蒸压砂加气砼砌块填充墙应采用满铺耐碱玻纤网格布(内墙）。\r\n2.具体详见设计图纸、答疑、招标文件、政府相关文件、规范等其它资料，满足验收要求","m2",1331.38,4.14,5511.91,1664.23]
[null,null,"附录J  屋面及防水工程",{"$nulls":4},23771.98,8338.74,593.62]
["56","010901001001","不上人保温坡屋面","1.蓝灰色陶瓦屋面\r\n2.挂瓦条30*30,顺水条25*20\r\n3.保护层:40厚C25细石混凝土内配%%C4@100双向要断开,保护层不小于15)，钢筋网片(在分隔缝处要断开,保护层不小于15)\r\n4.防水层:3.0厚SBS改性沥青防水卷材\r\n5.找平层:20厚1:2.5水泥砂浆\r\n6.保温层:30厚真空绝热板\r\n7.隔气层:冷底子油一道\r\n8.找平层:20厚1:2.5水泥砂浆\r\n9.结构层:钢筋混凝土","m2",222.72,88.18,19639.45,7407.67,525.62]
["57","010901001001","不上人保温平屋面","1.刷铝基反光涂料两遍\r\n2.保护层:40厚C25细石混凝土内配%%C4@100双向要断开,保护层不小于15)，钢筋网片(在分隔缝处要断开,保护层不小于15)\r\n3.防水层:3.0厚SBS改性沥青防水卷材\r\n4.找平层:20厚1:2.5水泥砂浆\r\n5.保温层:30厚真空绝热板\r\n6.隔气层:冷底子油一道\r\n7.找平层:20厚1:2.5水泥砂浆\r\n8.结构层:钢筋混凝土","m2",15.83,98.39,1557.51,480.44,37.36]
["58","010901001001","檐沟卷材防水","1.3.0厚SBS改性沥青防水卷材\r\n2.防水层做法：热熔满铺法","m2",64.236,28.9,1856.42,233.18]
["59","011101006001","水泥砂浆屋面找平层（檐沟）","1.找平层厚度、砂浆配合比：20厚1：3水泥砂浆找平层\r\n2.素水泥浆遍数：一遍\r\n","m2",35.616,6.32,225.09,134.98,23.51]
["60","WB010902007001","屋面上人孔","1.盖板规格、材料：0.6厚铝板+12厚企口木板+30厚聚苯板+五夹板\r\n2.具体做法详见06J204第26页节点1\r\n","个",1,390.02,390.02,20.87,0.99]
["61","010902002001","空调板及雨棚防水","1.20厚1:2.5水泥砂浆加5%防水剂\r\n2.具体做法详见图纸设计要求","m2",11.8,8.77,103.49,61.6,6.14]
[null,null,"附录K  保温、隔热、防腐工程",{"$nulls":4},53339.79,18588.25,678.96]
["62","011201001001","20mm外墙面水泥砂浆找平层","1.找平层厚度、砂浆配合比：20厚1：3水泥砂浆找平层","m2",507.625,14.18,7198.12,4791.98,345.18]
["63","011001003002","外墙20厚真空绝热板","1.20厚真空绝热板,用专用胶粘剂粘结,并用锚栓、防锈角钢托架与基层墙体锚固\r\n2.具体详见图纸、招标文件、相关文件、规范等其它资料，满足验收要求","m2",601.907,40.84,24581.87,9829.13,108.34]
["64",null,"地面（门厅、办公室、人流通道）"]
["65","WB010101007001","原土打夯","1.素土夯实,压实系数不低于0.94\r\n2.具体详见图纸、招标文件、相关文件、规范等其它资料，满足验收要求","m2",157.034,1.41,221.42,142.9,20.41]
["66","010404001001","150厚碎石基础垫层","1.150厚碎石垫层\r\n2.具体详见图纸、招标文件、相关文件、规范等其它资料，满足验收要求","m3",23.555,34.37,809.59,582.28,3.06]
["67","010404001002","80厚C15混凝土基础垫层","1.80厚C15混凝土,随打随抹光\r\n2.具体详见图纸、招标文件、相关文件、规范等其它资料，满足验收要求","m3",12.563,56.86,714.32,484.42,25.75]
["68","011102003002","800*800地砖地面","1.结合层厚度、砂浆配合比或粘接剂种类：20厚1：3干硬性水泥砂浆，表面撒水泥粉\r\n2.面层材料品种、规格、颜色：800*800地砖，8~10厚地砖,干水泥擦缝\r\n3.质量满足建设单位要求","m2",157.034,96.97,15227.59,2118.39,144.47]
["69","011102001001","30厚花岗岩门厅地面","1.30厚花岗岩石材地面\r\n2.30厚1:3干硬性水泥砂浆粘结层","m2",14.22,114.35,1626.06,218.42,12.51]
["70",null,"地面（卫生间）"]
["71","WB010101007001","原土打夯","1.素土夯实,压实系数不低于0.94\r\n2.具体详见图纸、招标文件、相关文件、规范等其它资料，满足验收要求","m2",8.807,1.41,12.42,8.01,1.14]
["72","010404001001","150厚碎石基础垫层","1.150厚碎石垫层\r\n2.具体详见图纸、招标文件、相关文件、规范等其它资料，满足验收要求","m3",1.321,34.37,45.41,32.66,0.17]
["73","010404001002","100厚C15混凝土基础垫层","1.100厚C15混凝土,随打随抹光\r\n2.具体详见图纸、招标文件、相关文件、规范等其它资料，满足验收要求","m3",0.881,56.86,50.08,33.96,1.81]
["74","011101006001","30厚1：3水泥砂浆找平层","1.找平层厚度、砂浆配合比：30厚1：3水泥砂浆找平层\r\n2.素水泥浆遍数：一遍\r\n","m2",8.807,7.97,70.19,41.22,8.28]
["75","010904002001","楼（地）面涂膜防水","1.防水膜品种：环保型聚氨酯防水涂料\r\n2.涂膜厚度、遍数：2.0厚，一遍\r\n3.反边高度：另计在墙面防水\r\n","m2",8.807,34.86,307.02,23.96]
["76","010904002001","内墙面涂膜防水","1.防水膜品种：环保型聚氨酯防水涂料\r\n2.涂膜厚度、遍数：2.0厚，一遍\r\n3.高度：地面至顶板\r\n","m2",51.504,34.86,1795.43,140.09]
["77","011102003002","300*300防滑地砖","1.结合层厚度、砂浆配合比或粘接剂种类：20厚1：3干硬性水泥砂浆，表面撒水泥粉\r\n2.面层材料品种、规格、颜色：300*300防滑地砖\r\n3.质量满足建设单位要求\r\n","m2",8.807,77.24,680.27,140.83,7.84]
[null,null,"楼面、楼梯面（办公室、会议室）",{"$nulls":4},33180.49,6087.11,407.81]
["78","011101006001","15厚1：3水泥砂浆找平层","1.找平层厚度、砂浆配合比：15厚1：3水泥砂浆找平层\r\n2.素水泥浆遍数：一遍\r\n","m2",243.348,5.47,1331.11,812.78,124.11]
["79","011102003002","800*800地砖地面","1.结合层厚度、砂浆配合比或粘接剂种类：20厚1：3干硬性水泥砂浆，表面撒水泥粉\r\n2.面层材料品种、规格、颜色：800*800地砖，8~10厚地砖,干水泥擦缝\r\n3.质量满足建设单位要求","m2",243.348,96.97,23597.46,3282.76,223.88]
["80","011106002001","防滑地砖楼梯面层（防滑梯级缸砖）","1、8~10厚防滑梯级缸砖,干水泥擦缝\r\n2、20厚1:3干硬性水泥砂浆结合层,表面撒水泥粉\r\n3、水泥浆一道(内掺建筑胶)\r\n4、钢筋混凝土楼板,随打随抹光","m2",49.852,165.53,8251.92,1991.57,59.82]
[null,null,"楼面（卫生间）",{"$nulls":4},8626.24,996.13,42.17]
["81","011101006001","30厚1：3水泥砂浆找平层","1.找平层厚度、砂浆配合比：30厚1：3水泥砂浆找平层\r\n2.素水泥浆遍数：一遍\r\n","m2",23.04,7.97,183.63,107.83,21.66]
["82","010904002001","楼（地）面涂膜防水","1.防水膜品种：环保型聚氨酯防水涂料\r\n2.涂膜厚度、遍数：2.0厚，一遍\r\n3.反边高度：另计在墙面防水\r\n","m2",23.04,34.86,803.17,62.67]
["83","010904002001","内墙面涂膜防水","1.防水膜品种：环保型聚氨酯防水涂料\r\n2.涂膜厚度、遍数：2.0厚，一遍\r\n3.高度：地面至顶板\r\n","m2",168.096,34.86,5859.83,457.22]
["84","011102003002","300*300防滑地砖","1.结合层厚度、砂浆配合比或粘接剂种类：20厚1：3干硬性水泥砂浆，表面撒水泥粉\r\n2.面层材料品种、规格、颜色：300*300防滑地砖\r\n3.质量满足建设单位要求\r\n","m2",23.04,77.24,1779.61,368.41,20.51]
[null,null,"墙面砖、踢脚线",{"$nulls":4},17569.13,4272.92,126.29]
["85","011204003001","面砖墙面（H=3.0m)","1.安装方式：粘贴\r\n2.面层材料品种：墙面砖\r\n3.结合层材料种类：6厚1：2水泥砂浆（内掺建筑胶）\r\n4.缝宽、嵌缝材料种类：白水泥擦缝\r\n5.质量满足建设单位要求\r\n","m2",194.144,61.04,11850.55,2952.93,93.19]
["86","011105003001","地砖踢脚线","1.踢脚线高度：120mm\r\n2.粘贴层厚度、材料种类：6厚1：2水泥砂浆（内掺建筑胶），5厚1：3水泥砂浆打底划出纹道\r\n3.面层材料品种、规格：5~10厚地砖\r\n4.质量满足建设单位要求\r\n","m",413.79,13.82,5718.58,1319.99,33.1]
[null,null,"附录M  墙、柱面装饰与隔断、幕墙工程",{"$nulls":4},55687.23,33342.03,1259.88]
["87","011201001001","外墙面一般抹灰","1.底层厚度、砂浆配合比：6厚1:2水泥砂浆打底扫毛\r\n2.面层厚度、砂浆配合比：3~5厚聚合物水泥防水砂浆\r\n","m2",601.907,20.25,12188.61,7993.32,204.65]
["88","011201001001","外墙面抗裂砂浆","1.底层厚度、砂浆配合比：6~8厚抗裂砂浆","m2",601.907,15.06,9064.71,3822.11,96.31]
["89","011201001001","内墙面一般抹灰","1.底层厚度、砂浆配合比：8厚1:1:6水泥石灰膏砂浆打底扫毛或划出纹道\r\n2.面层厚度、砂浆配合比：5厚1:0.5:2.5水泥石灰膏砂浆抹平","m2",1156.647,16.08,18598.88,12017.56,566.76]
["90","011201001001","内墙面一般抹灰（卫生间）","1.底层厚度、砂浆配合比：6厚1:2水泥砂浆打底扫毛或划出纹道\r\n2.面层厚度、砂浆配合比：8厚1:2.5水泥砂浆\r\n","m2",194.144,15.83,3073.3,2073.46,100.95]
["91","011201001001","20厚1:3防水砂浆（卫生间）","1.底层厚度、砂浆配合比：20厚1:3防水砂浆(掺5%防水剂,且掺适量聚丙烯纤维)\r\n","m2",194.144,16.78,3257.74,1434.72,122.31]
["92","011301001001","天棚抹灰","1.底层厚度、砂浆配合比：5厚1:0.5:3水泥石灰膏砂浆打底扫毛或划出纹道\r\n2.面层厚度、砂浆配合比：3厚1:0.5:2.5水泥石灰膏砂浆找平","m2",511.831,14.42,7380.6,4939.17,168.9]
["93","WB011001007001","刷界面剂","1.保温隔热部位：外墙(仅用于砼墙面)，内墙面、天棚面\r\n2.界面材料种类、做法：3厚专用界面剂\r\n","m2",1862.622,1.14,2123.39,1061.69]
[null,null,"附录P  油漆、涂料、裱糊工程",{"$nulls":4},55135.19,16715.6,451.17]
["94","011406003001","内墙天棚满刮腻子（除卫生间外）","1.基层类型：抹灰面\r\n2.腻子种类：耐水腻子\r\n","m2",1668.178,9.73,16231.37,7356.66,216.86]
["95","011406001001","内墙天棚面乳胶漆（除卫生间外）","1.基层类型：室内腻子面\r\n2.油漆品种、刷漆遍数：乳胶漆，底漆一遍，面漆二遍\r\n","m2",1668.178,6.54,10909.88,2502.27]
["96","011406003002","外墙满刮腻子","1.外墙满批腻子 二遍","m2",616.607,10.56,6511.37,2922.72,110.99]
["97","WB011406001002","外墙仿石漆","1.基层类型：腻子面\r\n2.外墙仿石漆\r\n3.详见图纸\r\n","m2",616.607,34.84,21482.57,3933.95,123.32]
[null,null,"附录N  天棚工程",{"$nulls":4},4687.78,815.42,24.25]
["98","WB011302002001","天棚吊筋","1、10号镀锌低碳钢丝吊杆,双向中距≤1.5m,吊杆\r\n上部与板底预留吊环固定。\r\n2、混凝土板底预留Φ10钢筋吊环,双向中距≤1.5m","m2",46.247,9.08,419.92,110.07,8.79]
["99","WB011302003001","天棚龙骨","1、铝合金天棚龙骨","m2",45.147,28.44,1283.99,319.19,10.38]
["100","WB011302005001","铝扣集成吊顶（卫生间）","1、铝合金扣板300x300,与配套专用龙骨固定","m2",31.847,64.52,2054.78,265.92,3.5]
["101","WB011302005001","铝扣集成吊顶（门厅）","1、铝合金扣板600x600,与配套专用龙骨固定","m2",14.4,64.52,929.09,120.24,1.58]
[null,null,"附录Q  其他装饰工程",{"$nulls":4},14298.79,3842.95,4172.17]
["102","011502007001","滴水线","1.滴水线\r\n2.详见图纸","m",172.3,3.29,566.87,198.15]
["103","010507001001","细石混凝土面层坡道","1.素土夯实\r\n2.300厚粒径10~40卵石M2.5混合砂浆\r\n3.100厚C20混凝土\r\n4.50厚C20混凝土面层，随捣随抹成粗麻面\r\n5.具体详见图纸、招标文件、相关文件、规范等其它资料，满足验收要求","m2",7.4,52.18,386.13,238.35,34.41]
["104","010507001001","细石混凝土散水","1.素土夯实\r\n2.150厚粒径10~40卵石M2.5混合砂浆\r\n3.60厚C20细石混凝土面层，撒1:1水泥砂子压实赶光\r\n4.具体详见图集12J003/A1/1B、招标文件、相关文件、规范等其它资料，满足验收要求","m2",41.85,29.59,1238.34,608.92,79.52]
["105","WB010101007001","30厚花岗岩面层台阶（砼台阶）","1.30厚花岗岩踏步板和踢面板\r\n2.30厚1:3干硬性水泥砂浆粘结层\r\n3.60厚C20混凝土\r\n4.300厚粒径10~40卵石M2.5混合砂浆分两步灌注\r\n5.素土夯实\r\n6.具体详见图纸、招标文件、相关文件、规范等其它资料，满足验收要求","m2",13.44,244.15,3281.38,1010.42,70.43]
["106","011210005001","卫生间成品防水板隔断","1、卫生间成品防水板隔断\r\n2、符合业主要求","m2",5.81,146.63,851.92,72.74,1.28]
["107","011705001001","大型机械设备进出场及安拆","1.大型机械设备进出场及安拆\r\n2.包含土石方机械等大型机械设备进出场及安拆费用\r\n3.具体详见图纸、招标文件、相关文件、规范等其它资料，满足验收要求","项",1,7974.15,7974.15,1714.37,3986.53]
[null,null,"合    计",{"$nulls":4},"455610.22","188263.56","16778.04"]
[{"$nulls":10},"测评合格编号：2018JS-05【神机造价软件V60安徽版】"]

{"sheet":"(3)附录G不可竞争项目清单与计价表","index":2,"n_rows":13,"n_cols":6,"rows_kept":13}
[]
[{"$nulls":3},"附录G 不可竞争项目清单与计价表"]
[]
[]
["工程名称：2022年基层林业站业务技术用房（漫水河镇林业站业务技术用房）-土建装饰",null,null,"                标段：",null,"第1页 共1页"]
["序号","项目编码","项目名称","计算基础","费率（%）","金额（元）"]
["1","JF-01","环境保护费","199340.7","2.7",5382.2]
["2","JF-02","文明施工费","199340.7","5.12",10206.24]
["3","JF-03","安全施工费","199340.7","4.13",8232.77]
["4","JF-04","临时设施费","199340.7","8.1",16146.6]
["5","JF-05","工程排污费","199340.7"]
[null,null,"合计",null,null,39967.81]
[{"$nulls":5},"测评合格编号：2018JS-05【神机造价软件V60安徽版】"]

{"sheet":"(2)附录F措施项目清单与计价表","index":3,"n_rows":16,"n_cols":6,"rows_kept":16}
[]
[{"$nulls":3},"附录F 措施项目清单与计价表"]
[]
[]
["工程名称：2022年基层林业站业务技术用房（漫水河镇林业站业务技术用房）-土建装饰",null,null,"                标段：",null,"第1页 共1页"]
["序号","项目编码","项目名称","计算基础","费率（%）","金额（元）"]
["1","JC-01","夜间施工增加费","199340.7","0.5",996.7]
["2","JC-02","二次搬运费","199340.7","1",1993.41]
["3","JC-03","冬雨季施工增加费","199340.7","0.8",1594.73]
["4","JC-04","已完工程及设备保护费","199340.7","0.1",199.34]
["5","JC-05","工程定位复测费","199340.7","1",1993.41]
["6","JC-06","非夜间施工照明费","199340.7","0.4",797.36]
["7","JC-07","临时保护设施费","199340.7","0.2",398.68]
["8","JC-08","赶工措施费","199340.7"]
[null,null,"合计",null,null,7973.63]
[{"$nulls":5},"测评合格编号：2018JS-05【神机造价软件V60安徽版】"]

{"sheet":"(1)附录I税金计价表","index":4,"n_rows":67,"n_cols":6,"rows_kept":67}
[]
[{"$nulls":3},"附录I 税金计价表"]
[]
[]
["工程名称：2022年基层林业站业务技术用房（漫水河镇林业站业务技术用房）-土建装饰",null,null,"                    标段：",null,"第1页 共1页"]
["序号","项目名称","计算基础","计算基数","费率（%）","金额（元）"]
["1","分部分项工程项目费",{"$nulls":3},455610.22]
["1.1","  定额人工费",{"$nulls":3},188263.56]
["1.2","  定额机械费",{"$nulls":3},16778.04]
["1.3","  综合费",{"$nulls":3},53365.95]
["2","措施项目费",{"$nulls":3},7973.63]
["3","不可竞争费",{"$nulls":3},39967.81]
["3.1","  安全文明施工费",{"$nulls":3},39967.81]
["3.2","  工程排污费"]
["4","其他项目"]
["4.1","  暂列金额"]
["4.2","  专业工程暂估价"]
["4.3","  计日工"]
["4.4","  总承包服务费"]
["5","税金"]
["6","工程造价",{"$nulls":3},503551.61]
[null,"平方造价",{"$nulls":3},950.1]
[{"$nulls":5},"测评合格编号：2018JS-05【神机造价软件V60安徽版】"]
[]
[]
[]
[{"$nulls":3},"附录I 税金计价表"]
[]
[]
["工程名称：2022年基层林业站业务技术用房（漫水河镇林业站业务技术用房）-土建装饰",null,null,"                    标段：",null,"第1页 共1页"]
["序号","项目名称","计算基础","计算基数","费率（%）","金额（元）"]
["1","发包人发包专业工程",null,null,"1"]
["2","发包人提供材料",null,null,"1"]
[null,"合计"]
[{"$nulls":5},"测评合格编号：2018JS-05【神机造价软件V60安徽版】"]
[]
[]
[]
[{"$nulls":3},"附录I 税金计价表"]
[]
[]
["工程名称：2022年基层林业站业务技术用房（漫水河镇林业站业务技术用房）-土建装饰",null,null,"                    标段：",null,"第1页 共1页"]
["序号","项目名称","计算基础","计算基数","费率（%）","金额（元）"]
["1","增值税","分部分项工程+措施项目+不可竞争+其他项目","503551.66","9",45319.65]
[null,"合        计",{"$nulls":3},45319.65]
[{"$nulls":5},"测评合格编号：2018JS-05【神机造价软件V60安徽版】"]
[]
[]
[]
[{"$nulls":3},"附录I 税金计价表"]
[]
[]
["工程名称：2022年基层林业站业务技术用房（漫水河镇林业站业务技术用房）-土建装饰",null,null,"                    标段：",null,"第1页 共1页"]
["序号","项目名称","计算基础","计算基数","费率（%）","金额（元）"]
[null,"材料、设备暂估价"]
[null,"专业工程暂估价+材料、设备暂估价"]
[null,"甲供材"]
[{"$nulls":5},"测评合格编号：2018JS-05【神机造价软件V60安徽版】"]
[]
[]
[]
[{"$nulls":3},"附录I 税金计价表"]
[]
[]
["工程名称：2022年基层林业站业务技术用房（漫水河镇林业站业务技术用房）-土建装饰",null,null,"                    标段：",null,"第1页 共1页"]
["序号","项目名称","计算基础","计算基数","费率（%）","金额（元）"]
[{"$nulls":5},"测评合格编号：2018JS-05【神机造价软件V60安徽版】"]

{"sheet":"Sheet1","index":5,"n_rows":0,"n_cols":0,"rows_kept":0}